书目信息 |
| 题名: |
信息化与政府信息资源管理
|
|
| 作者: | 高纯德 著 | |
| 分册: | ||
| 出版信息: | 北京 中国计划出版社 2001.11 |
|
| 页数: | 266页 | |
| 开本: | 20cm | |
| 丛书名: | ||
| 单 册: | ||
| 中图分类: | G203 | |
| 科图分类: | ||
| 主题词: | 信息论 , 传播学 | |
| 电子资源: | ||
| ISBN: | 7-80177-002-1 | |
| 000 | 00586nam0 2200205 45 | |
| 001 | 0355992746 | |
| 005 | 2003042515331274 | |
| 010 | @a7-80177-002-1@dRMB 16.00 | |
| 100 | @a20030425d2001 km y0chiy0120 ea | |
| 101 | 0 | @achi |
| 102 | @aCN@b110000 | |
| 200 | 1 | @a信息化与政府信息资源管理@Axin xi hua yu zheng fu xin xi zi yuan guan li@f高纯德著@Fgao chun de zhu |
| 210 | @a北京@c中国计划出版社@d2001.11 | |
| 215 | @a266页@d20cm | |
| 606 | 0 | @a信息论 |
| 606 | 0 | @a传播学 |
| 690 | @aG203@v4 | |
| 701 | 0 | @a高纯德@Agao chun de@4著 |
| 801 | 0 | @aCN@bPFT@c20030425 |
| 905 | @a10447@dG203@eG100 | |
| 信息化与政府信息资源管理/高纯德著.-北京:中国计划出版社,2001.11 |
| 266页;20cm |
| ISBN 7-80177-002-1:RMB 16.00 |
| ● |
| 相关链接 |
|
|
|
正题名:信息化与政府信息资源管理
索取号:G203/G100
 
预约/预借
| 序号 | 登录号 | 条形码 | 馆藏地/架位号 | 状态 | 备注 |
| 1 | 366397 | 203663972 | 社科库409/409社科库 57排1列4层/ [索取号:G203/G100] | 在馆 |